000 01093cab a2200205 4500
001 ##E134770
008 060802n2006 000 0 eng u
035 _a(Sirsi) u134770
041 0 _aeng
110 1 _aScottish Executive
_93811
245 0 0 _aWell designed buildings deliver economic benefits
260 _c2006
490 _aScottish Executive News Release
_v10 August 2006
520 _aA recent study has revealed that well-designed buildings can attract investment, create jobs, and improve staff performance. The study, commissioned by the Scottish Executive and conducted by research consultants, Morris Hargreaves McIntyre, reviewed over 100 research reports compiled over the past decade by world-leading academics and professional architectural institutions from the UK, Europe, Canada and New Zealand.
590 _aIKA050906
651 4 _aInternational
690 _aBUILT ENVIRONMENT-CONSTRUCTION DESIGN-ARCHITECTURAL DESIGN
856 4 0 _uhttps://www.scotland.gov.uk/News/Releases/2006/08/10102506
_zView the item free of charge at www.scotland.gov.uk...
942 _n0
999 _c77642
_d77642